000 00740nam a2200205 a 4500
001 000033176
005 20230905143059.0
008 110818s1922 dr r 000 p spa d
040 _aDO-SdBNP
_bspa
_cBNPHU
082 _aRD861.4
_bC723g
100 1 _aColson, Jayme ,
_d1901-1975.
_958817
245 1 3 _aEl gran drama o magno proceso de la vida /
_cJayme Colson ; prólogo Federico Climet Terrer.
260 _aPuerto Plata, República Dominicana :
_b[s.n.],
_c1922.
300 _a196 p. ;
_c18 cm.
590 _aInventariado, 2018/LP
650 4 _aPoesía historica dominicana
_923579
650 0 _aLiteratura histórica dominicana
_924340
700 1 _aClimet Terrer, Federico,
_epról.
_958818
910 _aValidado. Control de calidad MFF
999 _c32667
_d32667